BEST NFL NICK NAMES - Statistics

General Stats
  • This quiz has been taken 28 times
  • The average score is 6 of 9
Answer Stats
Hint Answer % Correct
Mean ___ ______ Joe Greene
93%
Prime Time Deion Sanders
85%
Megatron Calvin Johnson
78%
Sweetness Walter Payton
78%
The Bus Jerome Bettis
70%
Minister of Defense Reggie White
63%
Broadway Joe Namath
59%
Honey Badger Tyrann Mathieu
37%
The Playmaker Michael Irvin
22%
No matching quizzes found
Score Distribution
Percent of People with Each Score
Percentile by Number Answered
Your Score History
You have not taken this quiz